Catálogo de la Biblioteca Horacio González - Universidad Nacional de General Sarmiento

Cinema paradiso (Registro nro. 53794)

Detalles MARC
000 -CABECERA
campo de control de longitud fija 01833ngm a22003490a 4500
001 - NÚMERO DE CONTROL
campo de control PT42251
003 - IDENTIFICADOR DEL NÚMERO DE CONTROL
campo de control AR-LpoUNG
005 - FECHA Y HORA DE LA ÚLTIMA TRANSACCIÓN
campo de control 20210201235929.0
007 - CAMPO FIJO DE DESCRIPCIÓN FÍSICA--INFORMACIÓN GENERAL
campo de control de longitud fija vd cvaizq
008 - DATOS DE LONGITUD FIJA--INFORMACIÓN GENERAL
campo de control de longitud fija 191001ss.f.||||ag |||||||||||||||||spa d
037 ## - FUENTE DE ADQUISICIÓN
Condiciones de disponibilidad $5
040 ## - FUENTE DE LA CATALOGACIÓN
Centro catalogador/agencia de origen AR-LpoUNG
Lengua de catalogación spa
Centro/agencia transcriptor AR-LpoUNG
Normas de descripción aacr
041 ## - CÓDIGO DE LENGUA
Código de lengua del texto/banda sonora o título independiente spa
-- ita
044 ## - CÓDIGO DEL PAÍS DE LA ENTIDAD EDITORA/PRODUCTORA
Código MARC del país ag
082 0# - NÚMERO DE LA CLASIFICACIÓN DECIMAL DEWEY
Número de clasificación 302.234 658cin
100 1# - ENTRADA PRINCIPAL--NOMBRE DE PERSONA
Nombre de persona Tornatore, Giuseppe
Término indicativo de función/relación dir.
245 10 - MENCIÓN DE TÍTULO
Título Cinema paradiso
260 ## - PUBLICACIÓN, DISTRIBUCIÓN, ETC.
Lugar de publicación, distribución, etc. Buenos Aires :
Nombre del editor, distribuidor, etc. Página 12,
Fecha de publicación, distribución, etc. s.f..
300 ## - DESCRIPCIÓN FÍSICA
Extensión DVD (120 min.) : son., col.
505 0# - NOTA DE CONTENIDO CON FORMATO
Nota de contenido con formato Diálogos en italiano, subtítulos en español. - Hecha en 1988. - Créditos: Música, Ennio Morricone; fotografía, Blasco Giurato. - Elenco: hilippe Noiret, Jacques Perrin, Salvatore Cascio, Agnese Nano, Brigitte Fosey, Marco Leonardi, Antonella Attiu, Enzo Cannavale, Isa Danieli, Leo Gullota, Pupella Maggio, Leopoldo Trieste.
520 ## - SUMARIO, ETC.
Sumario, etc. Cinema Paradiso es una historia de amor por el cine: la historia de un niño de un pequeño pueblecito italiano donde el único pasatiempo es disfrutar de las películas del Cine Paradiso. Encantado por las imágenes, Totó desea con todas sus fuerzas que el cine sea en realidad magia. Un día, Alfredo, su amigo el operador de cine, accede a enseñar al pequeño los misterios que se ocultan en una cinta de película. Los niños de la pequeña villa van creciendo sin perder nunca su amor por el cine, pero llega el momento en el que Totó debe abandonar el pueblo y comenzar a buscar sus sueños. Y así pasan treinta años hasta que un día un mensaje le comunica que debe volver a casa donde algo le espera.
650 #4 - PUNTO DE ACCESO ADICIONAL DE MATERIA--TÉRMINO DE MATERIA
Término de materia o nombre geográfico como elemento de entrada CENSURA
650 #4 - PUNTO DE ACCESO ADICIONAL DE MATERIA--TÉRMINO DE MATERIA
Término de materia o nombre geográfico como elemento de entrada CINE
650 #4 - PUNTO DE ACCESO ADICIONAL DE MATERIA--TÉRMINO DE MATERIA
Término de materia o nombre geográfico como elemento de entrada DRAMA
650 #4 - PUNTO DE ACCESO ADICIONAL DE MATERIA--TÉRMINO DE MATERIA
Término de materia o nombre geográfico como elemento de entrada PELICULAS
651 #4 - PUNTO DE ACCESO ADICIONAL DE MATERIA--NOMBRE GEOGRÁFICO
Nombre geográfico Italia
653 ## - TÉRMINO DE INDIZACIÓN--NO CONTROLADO
Término no controlado CINE ITALIANO
653 ## - TÉRMINO DE INDIZACIÓN--NO CONTROLADO
Término no controlado DVD
653 ## - TÉRMINO DE INDIZACIÓN--NO CONTROLADO
Término no controlado VIDEOS
905 ## - ELEMENTOS DE DATOS E LOCAL, LDE (RLIN)
a 42251
942 ## - ELEMENTOS DE PUNTO DE ACCESO ADICIONAL (KOHA)
Tipo de ítem Koha DVD
Existencias
Estado de retiro Estado de pérdida Estado dañado No para préstamo Código de colección Localización permanente Ubicación/localización actual Fecha de adquisición Total de préstamos Signatura topográfica completa Código de barras Fecha visto por última vez Precio válido a partir de Tipo de ítem Koha
        Colección Cine Biblioteca Universidad Nacional de General Sarmiento Biblioteca Universidad Nacional de General Sarmiento 01/02/2021   302.234 658cin 00049668 27/06/2023 01/02/2021 DVD
        Colección Cine Biblioteca Universidad Nacional de General Sarmiento Biblioteca Universidad Nacional de General Sarmiento 01/02/2021   302.234 658cin 00049850 27/06/2023 01/02/2021 DVD